000 00310nam a22001337a 4500
008 181009b xxu||||| |||| 00| 0 eng d
020 _a9780815103516
041 _aeng
080 _22nd
_a610.73
100 _a2
101 _aINF
245 _aResponding to Emergences
_cAmerican Red Cross
942 _2udc
_cBK
999 _c49094
_d49094